LEADER 01212nam a2200289 a 4500 001 000000122131 003 CaOOAMICUS 005 20100607150443.0 008 100607s2010 it u000 u ita r 020 $a978-88-8272-524-2 040 $aPUL$bita$dReb 082 04$a248.894 100 1 $aFontana, Stefano.$0(OLS)http://pul/name/33225 245 10$aParola e comunità politica :$bsaggio su vocazione e attesa /$cStefano Fontana. 260 $aSiena :$bCantagalli,$c2010. 300 $a165 p. ;$c19 cm 490 1 $aQuaderni dell'Osservatorio ;$v11 504 $aBibliografia p. 155-165. 650 4$aVocazione.$0(OLS)http://pul/subject/7791 830 0$aQuaderni dell'Osservatorio ;$v11.$0(OLS)http://pul/title/143546 850 $aPUL 852 $aPUL$W1$xDP2 Religione 3$y114$m248. 894 FONST 1$j140164$qDDC 21$B139348$CPULBib$Z2$F139348 $H114014 $82 941 1 $a9 996 $6020$a978-88-8272-524-2$9(OLS)http://pul/number/144475 996 $6082$a248.894$9(OLS)http://pul/classification/581 996 $6245$aParola e comunità politica :$bsaggio su vocazione e attesa$9(OLS)http://pul/title/153679 996 $6260$aSiena :$bCantagalli$9(OLS)http://pul/publisher/48759 LEADER 01474nam a2200313 a 4500 001 000000171917 003 CaOOAMICUS 005 20190523125134.0 008 190523s2019 it u000 u ita r 020 $z978-88-10-60475-5* 032 $aLibriCat 040 $aPUL$bita$d 245 00$aChiesa e Islam in Italia : $bincontro e dialogo /$ca cura di Antonio Angelucci ... [et al.] ; prefazione del cardinale Gualtiero Bassetti ; postfazione di monsignor Ambrogio Spreafico e Cristiano Bettega. 260 $aBologna :$bEDB,$cc2019. 300 $a186 p. ;$c21 cm 504 $aBibliografia in nota. 650 4$aCristianesimo e altre religioni$xIslamismo$zItalia.$0(OLS)http://pul/subject/34867 700 1 $aBettega, Cristiano.$0(OLS)http://pul/name/98895 700 1 $aAngelucci, Antonio.$0(OLS)http://pul/name/108689 700 1 $aSpreafico, Ambrogio.$0(OLS)http://pul/name/6781 700 1 $aBassetti, Gualtiero,$cCard.,$d1942-$0(OLS)http://pul/name/110367 830 0$aReligione e religioni ;$v19.$0(OLS)http://pul/title/131124 850 $aPUL 852 $aPUL$W1$xSL Religione 3$y85$m261. 27 ANGAN 1$j195770$qDDC 21$B200613$CPULBib$Z2$F200613 $H132762 $82 941 1 $a9 996 $6020$z978-88-10-60475-5*$9(OLS)http://pul/number/166079 996 $6245$aChiesa e Islam in Italia : $bincontro e dialogo$9(OLS)http://pul/title/212785 996 $6260$aBologna :$bEDB$9(OLS)http://pul/publisher/56073